01361nam a2200241Ia 4500001000900000003001000009008004100019040002500060041001300085100001900098245001700117250001100134260005300145300002800198500026200226501011400488520026200602650004300864942000700907957000600914999004100920952015800961L085-432IT-CnALBA170116s9999||||xx |||||||||||||| ||und|| aIT-CnALBAcIT-CnALBA aITALIANO aORIANI ALFREDO 0aLA DISFATTA  a2a ed. a FIRENZEbCAPELLI EDITORE c1925 [1° Ed.: n.d.] a322 p. (prefazione: 13) aPREFAZIONE DI ANILE ANTONIO. CURATORE BENITO MUSSOLINI. ROMANZO. LIBRO CHE RIVELA COMPIUTAMENTE LA PERSONALITÀ DELL'AUTORE. VISIONE DELLA STORIA E DELLA NATURA. PROBLEMI DELL'ARTE, IDEE E AVVENIMENTI IN SIMBIOSI PERFETTA. TRAMA: UNA CONTESSA DI NOME GINEV aSocietà San Paolo EM - Piazza San Paolo, 14 - 12051 ALBA (CN) (non commercial uses only) ® Copyright 2017 aPREFAZIONE DI ANILE ANTONIO. CURATORE BENITO MUSSOLINI. ROMANZO. LIBRO CHE RIVELA COMPIUTAMENTE LA PERSONALITÀ DELL'AUTORE. VISIONE DELLA STORIA E DELLA NATURA. PROBLEMI DELL'ARTE, IDEE E AVVENIMENTI IN SIMBIOSI PERFETTA. TRAMA: UNA CONTESSA DI NOME GINEV aRACCOLTE DI CARATTERE GEN. IN ITALIANO cBK 71 a531bSI g Copie: 1 c259668d259668 0010406L_08543271aALBAbALBAd2017-01-16l0oL085-432r2017-01-16 00:00:00w2017-01-16yBKz(data import: 16 gennaio 2017) - By Epidotti, Vaglietti.